Los derechos fundamentales en la jurisprudencia del tribunal constitucional : (Registro nro. 160626)
[ vista simple ]
| 000 -LEADER | |
|---|---|
| fixed length control field | 01667cam a22003254a 4500 |
| 008 - FIXED-LENGTH DATA ELEMENTS--GENERAL INFORMATION | |
| fixed length control field | 100319s2010 pe 000 0 spa |
| 010 ## - LIBRARY OF CONGRESS CONTROL NUMBER | |
| LC control number | 2010475072 |
| 020 ## - INTERNATIONAL STANDARD BOOK NUMBER | |
| International Standard Book Number | 9786124047145 |
| 035 ## - | |
| -- | 5354 |
| 040 ## - CATALOGING SOURCE | |
| Original cataloging agency | DLC |
| Transcribing agency | DLC |
| Modifying agency | vLex |
| 043 ## - | |
| -- | s-pe--- |
| 050 00 - | |
| -- | KHQ3003 |
| -- | .L36 2010 |
| 090 ## - | |
| -- | 2194 |
| -- | 2194 |
| 100 1# - MAIN ENTRY--PERSONAL NAME | |
| Personal name | Landa Arroyo, César, |
| Dates associated with a name | 1958- |
| 245 14 - TITLE STATEMENT | |
| Title | Los derechos fundamentales en la jurisprudencia del tribunal constitucional : |
| Remainder of title | recopilación y sistematización de la jurisprudencia del Tribunal Constitucional peruano que versa acerca de derechos fundamentales / |
| Statement of responsibility, etc | César Landa Arroyo. |
| Medium | [Recurso electrónico] |
| 250 ## - | |
| -- | 1. ed. |
| 256 ## - | |
| -- | Servicio en línea. |
| 260 ## - PUBLICATION, DISTRIBUTION, ETC. (IMPRINT) | |
| Place of publication, distribution, etc | Lima, Perú : |
| Name of publisher, distributor, etc | Palestra Editores, |
| Date of publication, distribution, etc | 2010. |
| 300 ## - PHYSICAL DESCRIPTION | |
| Extent | 408 p. ; |
| Dimensions | 24 cm. |
| 506 1# - RESTRICTIONS ON ACCESS NOTE | |
| Terms governing access | Contenido solo disponible en los productos indicados |
| Authorized users | vLex Global |
| -- | vLex Global (Academic Edition, excluding Law Schools) |
| -- | vLex Global (U.S. Academic Edition, Law Schools) |
| -- | vLex Global (U.S. Academic Edition, excluding Law Schools) |
| -- | vLex Global (Academic Edition, Law Schools) |
| 520 ## - SUMMARY, ETC. | |
| Summary, etc | Es un minucioso análisis y sistematización de la jurisprudencia del Tribunal Constitucional peruano, producida en los últimos años tras la reinstalación del sistema democrático a partir del año 2001. |
| 650 #0 - SUBJECT ADDED ENTRY--TOPICAL TERM | |
| Topical term or geographic name as entry element | Civil rights |
| Geographic subdivision | Peru. |
| 650 #0 - SUBJECT ADDED ENTRY--TOPICAL TERM | |
| Topical term or geographic name as entry element | Civil rights |
| Geographic subdivision | Peru |
| Form subdivision | Cases. |
| 650 #0 - SUBJECT ADDED ENTRY--TOPICAL TERM | |
| Topical term or geographic name as entry element | Judicial review |
| Geographic subdivision | Peru. |
| 650 #0 - SUBJECT ADDED ENTRY--TOPICAL TERM | |
| Topical term or geographic name as entry element | Constitutional courts |
| Geographic subdivision | Peru. |
| 740 0# - | |
| -- | vLex Libros (Servicio en línea) |
| 856 40 - LOCALIZACIÓN Y ACCESO ELECTRÓNICO | |
| Identificador Uniforme del Recurso (URI/URL) | https://app.vlex.com/#/sources/derechos-fundamentales-jurisprudencia-tribunal-constitucional-5354 |
| 942 ## - | |
| -- | RAA |
| 999 ## - | |
| -- | 160626 |
| -- | 160626 |
No hay ítems disponibles.